The constitution forty-fourth amendment bill, 1976, Andhra Pradesh (Record no. 487516)

000 -LEADER
fixed length control field 00513cam a22001097a 4500
008 - FIXED-LENGTH DATA ELEMENTS--GENERAL INFORMATION
fixed length control field 180718b1976 xxu||||| |||| 00| 0 eng d
082 ## - DEWEY DECIMAL CLASSIFICATION NUMBER
Classification number A4103x5451 B
245 ## - TITLE STATEMENT
Title The constitution forty-fourth amendment bill, 1976, Andhra Pradesh
Statement of responsibility, etc. by Research and Reference Wing of the Andhra Pradesh Legislature Secretariat
260 ## - PUBLICATION, DISTRIBUTION, ETC.
Place of publication, distribution, etc. Hyderabad
Name of publisher, distributor, etc. Research and Reference Wing of the Andhra Pradesh Legislature Secretariat
Date of publication, distribution, etc. 1976
300 ## - PHYSICAL DESCRIPTION
Extent 60+p.
700 ## - ADDED ENTRY--PERSONAL NAME
Personal name Andhra Pradesh. Research and Reference Wing. Legislature Secretariat
Holdings
Withdrawn status Lost status Damaged status Not for loan Permanent Location Current Location Date acquired Full call number Barcode Date last seen Price effective from Koha item type
        Indian Institute of Public Administration Indian Institute of Public Administration 2018-08-04 A4103x5451 B GG16201 2018-08-04 2018-08-04 GG

Powered by Koha